| 000 | 00778cam a22002055a 4500 | ||
|---|---|---|---|
| 001 | L157662 | ||
| 008 | 130221s1656 xxk f 000 0 eng d | ||
| 035 | _a(Sirsi) u157662 | ||
| 041 | 0 | _aeng | |
| 100 | 1 |
_aZeiller, Martin _d1589-1661 |
|
| 245 | 0 | 0 | _aTopographia Galliae, sive, Descriptio et delineatio famosissimorum locorum in potentissimo regno Galliae |
| 260 |
_aFrancofurti _bCura & impendio Caspari Meriani. _cAnno 1656 |
||
| 300 |
_a1 v., plates (some fold.) _bills., maps, plans _c32 cm. |
||
| 520 | _aParts 2 to 4 bound as 1 vol. Latin version of pts. 17-29 of Zeiller's German Topographie. | ||
| 583 |
_aCondition reviewed _c20120620 _lconditon level 1 |
||
| 651 | 4 | _aFrance | |
| 690 |
_aInfrastructure _96246 |
||
| 700 | 1 |
_aMerian, Caspar _d1627-1686 |
|
| 942 | _n0 | ||
| 999 |
_c114908 _d114908 |
||